000 01754nam0a2200361 4500
001 RU\NLR\bibl\733158
005 20241119031556.0
020 _aRU
_b04-16694
_9Летопись авторефератов диссертаций
021 _aRU
_b2004-14419а
_9577а
035 _a(NLR Aleph) 000723103
090 _a715446
_c715446
100 _a20041110d2004 u u0rusy50 ca
101 0 _arus
102 _aRU
105 _ay dm |||||
135 _acrgn 008aaaba
200 1 _aВозможности реабилитации больных и инвалидов с последствиями сочетаний травмы магистральных сосудов и периферических нервов верхних конечностей
_e(клин. исслед.)
_eавтореф. дис. на соиск. учен. степ. к.м.н.
_eспец. 14.00.27
_fМусилов Мусил Магомедович
_g[Дагест. гос. мед. акад. МЗ РФ]
210 _aМахачкала
_d2004
215 _a27 с.
_d21
320 _aБиблиогр.: с. 26 (5 назв.)
325 _aКопия доступна в Электрон. б-ке РНБ
675 _a616.1-089
_v3
_zrus
686 _a76.29
_2rugasnti
686 _a54.10
_2rubbk
686 _a14.00.27
_2oksvnk
700 1 _aМусилов
_bМ. М.
_gМусил Магомедович
_4070
801 0 _aRU
_bRKP
_c20041110
_gPSBO
801 1 _aRU
_bRKP
_c20041110
801 2 _aRU
_bNLR
_c20050611
_grcr
942 _cBOOK
981 1 0 _a(10) Авторефераты
_b(10) 14.00.00 Медицинские науки
_b14.01.00 Клиническая медицина
_b14.01.17 Хирургия